Catalog

Record Details

Catalog Search



Praha ve stínu hákového kříže : pravda o německé okupaci 1939-1945 / Callum MacDonald ; Jan Kaplan ; [z angličtiny přeložil Jan Brázda, Vladimír Nárožník]

Record details

  • ISBN: 80-7023-201-3
  • Physical Description: 215 s. : fot. ; 31 cm
  • Edition: 1. vyd.
  • Publisher: Praha : Melantrich, 1995

Content descriptions

General Note:
Front. - Mapy na předsádkách. - Bibliogr.

Available copies

  • 1 of 1 copy available at Common Catalog SPOK.

Holds

  • 0 current holds with 1 total copy.
Show Only Available Copies
Location Call Number / Copy Notes Barcode Shelving Location Status Due Date
Terezin Initiative Institute 283 4594300283 Knihovna ITI Available -

LDR 01062nam a22003133a 4500
00125365
003CZ-PrJAB
00520220904081259.0
008950601s1995 xr gr 0 cze d
015 . ‡acnb000093364
020 . ‡a80-7023-201-3
035 . ‡a(CONS)165
035 . ‡a(CZ PrSKC)m0220685
035 . ‡a(OCoLC)36100769
040 . ‡aCBA001 ‡bcze
0411 . ‡acze ‡heng
080 . ‡a908(437.311) ‡2MRF
080 . ‡a94(100)"1939/1945" ‡2MRF
080 . ‡a94(437.31) ‡2MRF
1001 . ‡aMacDonald, Callum ‡7jn20010310443 ‡4aut
24510. ‡aPraha ve stínu hákového kříže : ‡bpravda o německé okupaci 1939-1945 / ‡cCallum MacDonald ; Jan Kaplan ; [z angličtiny přeložil Jan Brázda, Vladimír Nárožník]
250 . ‡a1. vyd.
260 . ‡aPraha : ‡bMelantrich, ‡c1995
300 . ‡a215 s. : ‡bfot. ; ‡c31 cm
4901 . ‡aHistorie a fakta
500 . ‡aFront. - Mapy na předsádkách. - Bibliogr.
7001 . ‡aKaplan, Jan, ‡d1949- ‡7jo2003163161 ‡4oth
7001 . ‡aNárožník, Vladimír, ‡d1939-2002 ‡7jk01082710 ‡4oth
7001 . ‡aBrázda, Jan ‡4trl
830 0. ‡aHistorie a fakta
8524 . ‡bJACH-ITI ‡bJACH-ITI ‡cKnihovna ITI ‡j283 ‡p283 ‡y$0.00
910 . ‡aABE340 ‡b283
995 . ‡askok
901 . ‡a25365 ‡bISxN ‡c25365 ‡tbiblio

Additional Resources